Catalog

Record Details

Catalog Search



Orphan black. Season five. / Bell Media original ... Read More

Available copies

  • 2 of 2 copies available at LARL/NWRL Consortium.
  • 1 of 1 copy available at Lake Agassiz Regional Library. (Show preferred library)

Current holds

0 current holds with 2 total copies.

Show Only Available Copies
Location Call Number / Copy Notes Barcode Shelving Location Status Due Date
Detroit Lakes Public Library DVD ORP (Text) 33500013032198 Main Available -
Thief River Falls Public Library DVD ORP (Text) 35500005562945 Main Available -

Record details

  • ISBN: 9786316990129
  • ISBN: 631699012X
  • Physical Description: 3 videodiscs (440 min.) : sound, color ; 4 3/4 in.
  • Publisher: London : BBC, [2017]

Content descriptions

General Note:
Title from container; statement of responsibility from end credits of first episode.
Originally broadcast in 2013-
Wide screen (16:9).
Special features: closer looks; Island of the lost souls; The epic clone shot; Clone-centric; The ... Read More
Formatted Contents Note:
The few who dare -- Clutch of greed -- Beneath her ... Read More
Creation/Production Credits Note:
Created by John Fawcett and Graeme Manson; ... Read More
Participant or Performer Note:
Tatiana Maslany, Jordan Gavaris, Maria Doyle ... Read More
Summary, etc.:
A streetwise hustler is pulled into a compelling ... Read More
System Details Note:
DVD; NTSC, region 1; 5.1 Dolby digital.
Language Note:
In English; subtitled for the deaf and hard of ... Read More
Subject: Suicide > Drama.
Assassins > Drama.
Scientists > Drama.
Assassins.
Scientists
Suicide.
Scientists > Drama.
Video recordings for the hearing impaired.
Suicide > Drama.
Assassins > Drama.
Genre: Science fiction television programs.
Action and adventure television programs.
Thrillers (Television programs)
Fiction television programs.
Television series.
Video recordings for the hearing impaired.
Drama.
Fiction television programs.
Science fiction television programs.
Television series.
Science fiction television programs.
Science fiction television programs.
LDR 04492cgm a2200997Ii 4500
001265288
003LARL_NWRL_CONSORTIUM
00520171002151506.0
008170809p20172013enk440 vleng d
007vd cvaizq
040 . ‡aTEFMT ‡beng ‡erda ‡cTEFMT ‡dOCLCO ‡dTEF ‡dJTD ‡dGK5 ‡dGK8 ‡dIH9 ‡dOJ4 ‡dOCLCF ‡dRB0 ‡dINO ‡dWSD ‡dT7R ‡dKVIJL
019 . ‡a1004759052
020 . ‡a9786316990129
020 . ‡a631699012X
0241 . ‡a883929591510
0247 . ‡a00883929591510 ‡2gtin-14
02841. ‡a1000645243 ‡bBBC ‡q(container)
02842. ‡a2000136168 ‡bBBC ‡q(disc 1)
02842. ‡a2000136169 ‡bBBC ‡q(disc 2)
02842. ‡a2000136211 ‡bBBC ‡q(disc 3)
02842. ‡a3000074808 ‡bBBC ‡q(container)
035 . ‡a(OCoLC)1000156797 ‡z(OCoLC)1004759052
037 . ‡bMidwest Tape ‡nhttp://www.midwesttapes.com
0411 . ‡aeng ‡jeng ‡heng
08204. ‡a791.45/75 ‡223
1300 . ‡aOrphan black (Television program). ‡nSeason 5.
24510. ‡aOrphan black. ‡nSeason five. / ‡cBell Media original production ; BBC America original production ; Temple Street Productions.
257 . ‡aCanada ‡2naf
264 1. ‡aLondon : ‡bBBC, ‡c[2017]
300 . ‡a3 videodiscs (440 min.) : ‡bsound, color ; ‡c4 3/4 in.
336 . ‡atwo-dimensional moving image ‡btdi ‡2rdacontent
337 . ‡avideo ‡bv ‡2rdamedia
338 . ‡avideodisc ‡bvd ‡2rdacarrier
344 . ‡adigital ‡boptical ‡gsurround ‡hDolby digital 5.1 ‡2rda
346 . ‡bNTSC ‡2rda
347 . ‡avideo file ‡bDVD video ‡eregion 1 ‡2rda
380 . ‡aTelevision program
4900 . ‡aOrphan Black ; ‡vSeason 5
538 . ‡aDVD; NTSC, region 1; 5.1 Dolby digital.
546 . ‡aIn English; subtitled for the deaf and hard of hearing (SDH)
500 . ‡aTitle from container; statement of responsibility from end credits of first episode.
508 . ‡aCreated by John Fawcett and Graeme Manson; produced by Claire Welland.
5111 . ‡aTatiana Maslany, Jordan Gavaris, Maria Doyle Kennedy, Ari Millen, Kristian Bruun, Kevin Hanchard, Josh Vokey.
500 . ‡aOriginally broadcast in 2013-
500 . ‡aWide screen (16:9).
520 . ‡aA streetwise hustler is pulled into a compelling conspiracy after witnessing the suicide of a girl who looks just like her.
500 . ‡aSpecial features: closer looks; Island of the lost souls; The epic clone shot; Clone-centric; The beginning of the end; Out of the black.
5050 . ‡aThe few who dare -- Clutch of greed -- Beneath her heart -- Let the children and childbearers toil -- Ease for idle millionaires -- Manacled slim wrists -- Gag or throttle -- Guillotines decide -- One fettered slave -- To right the wrongs of many.
650 0. ‡aSuicide ‡vDrama. ‡0(LARL_NWRL_CONSORTIUM)174851
650 0. ‡aAssassins ‡vDrama. ‡0(LARL_NWRL_CONSORTIUM)163537
650 0. ‡aScientists ‡vDrama.
650 7. ‡aAssassins. ‡2fast ‡0(LARL_NWRL_CONSORTIUM)14137
650 7. ‡2fast ‡aScientists ‡0(LARL_NWRL_CONSORTIUM)30415
650 7. ‡aSuicide. ‡2fast ‡0(LARL_NWRL_CONSORTIUM)32118
650 4. ‡aScientists ‡vDrama.
650 4. ‡aVideo recordings for the hearing impaired. ‡0(LARL_NWRL_CONSORTIUM)35804
650 4. ‡aSuicide ‡vDrama. ‡0(LARL_NWRL_CONSORTIUM)174851
650 4. ‡aAssassins ‡vDrama. ‡0(LARL_NWRL_CONSORTIUM)163537
655 7. ‡aScience fiction television programs. ‡2lcgft ‡0(LARL_NWRL_CONSORTIUM)175696
655 7. ‡aAction and adventure television programs. ‡2lcgft ‡0(LARL_NWRL_CONSORTIUM)175838
655 7. ‡aThrillers (Television programs) ‡2lcgft ‡0(LARL_NWRL_CONSORTIUM)175790
655 7. ‡aFiction television programs. ‡2lcgft ‡0(LARL_NWRL_CONSORTIUM)175627
655 7. ‡aTelevision series. ‡2lcgft ‡0(LARL_NWRL_CONSORTIUM)175797
655 7. ‡aVideo recordings for the hearing impaired. ‡2lcgft ‡0(LARL_NWRL_CONSORTIUM)175744
655 7. ‡aDrama. ‡2fast
655 7. ‡aFiction television programs. ‡2fast ‡0(LARL_NWRL_CONSORTIUM)175627
655 7. ‡aScience fiction television programs. ‡2fast ‡0(LARL_NWRL_CONSORTIUM)175696
655 7. ‡aTelevision series. ‡2fast ‡0(LARL_NWRL_CONSORTIUM)175797
655 1. ‡aScience fiction television programs. ‡0(LARL_NWRL_CONSORTIUM)175696
655 4. ‡aScience fiction television programs. ‡0(LARL_NWRL_CONSORTIUM)175696
7001 . ‡aManson, Graeme ‡c(Writer), ‡ecreator.
7001 . ‡aFawcett, John, ‡d1968- ‡ecreator.
7001 . ‡aWelland, Claire, ‡etelevision producer.
7001 . ‡aMaslany, Tatiana, ‡eactor. ‡0(LARL_NWRL_CONSORTIUM)217120
7001 . ‡aGavaris, Jordan, ‡d1989- ‡eactor.
7001 . ‡aKennedy, Maria Doyle, ‡eactor. ‡0(LARL_NWRL_CONSORTIUM)203380
7001 . ‡aMillen, Ari, ‡eactor.
7001 . ‡aBruun, Kristian, ‡eactor.
7001 . ‡aHanchard, Kevin, ‡eactor.
7001 . ‡aVokey, Josh, ‡eactor.
7102 . ‡aBell Media (Firm), ‡eproduction company.
7102 . ‡aTemple Street Productions, ‡eproduction company. ‡0(LARL_NWRL_CONSORTIUM)148176
7102 . ‡aBBC America, ‡eproduction company. ‡0(LARL_NWRL_CONSORTIUM)208678
7102 . ‡aBritish Broadcasting Corporation, ‡epublisher. ‡0(LARL_NWRL_CONSORTIUM)2817
901 . ‡a265288 ‡bOCoLC ‡c265288 ‡tbiblio ‡soclc

Additional Resources